000
00336nam a2200133Ia 4500
008
220216s9999 xx 000 0 und d
100
_a
Rogers H
245
0
_a
Some aspects of rubber manufacture in America
260
_b
IRI Transactions
_c
1929
300
_a
151-162
650
_a
America
650
_a
Rubber manufacture
942
_c
JS
999
_c
68931
_d
68931